000 00436cam a2200169ua 4500
020 _c7.60
041 _aeng
_h
082 _a823.308
_bWAR/MO
100 _aWarrington, John .
245 _aMore`s Utopica:and a diologue of comfort /
_cJohn Warrington.
_hTextual Documents
260 _aLondon :
_bJ M Dent and Sons Ltd ,
_c1962.
300 _a428 ; .
365 _a7.60
504 _a
942 _cBK
999 _c12881
_d12881